| 000 | 00920nam a22003617a 4500 | ||
|---|---|---|---|
| 005 | 20260317165817.0 | ||
| 008 | 221130b2021 xxu||||| |||| 00| 0 spa d | ||
| 020 | _a9789587913583 | ||
| 041 | _aESP | ||
| 082 | _a364.155.54 V422g | ||
| 100 | _aVegas Roche, José Luis | ||
| 245 | _aGrooming: cuando el juego virtual se convierte en un peligro real | ||
| 260 | _aColombia | ||
| 260 | _bGrupo Editorial Ibáñez | ||
| 260 | _c2021 | ||
| 300 | _a272 páginas | ||
| 490 | _aInvestigación Criminal | ||
| 650 | _aABUSO INFANTIL | ||
| 650 | _aGROOMING | ||
| 650 | _aABUSO SEXUAL DE MENORES | ||
| 650 | _aCIBERACOSO | ||
| 650 | _aGROOMER | ||
| 650 | _aVÍCTIMAS | ||
| 650 | _aPERFIL FALSO | ||
| 650 | _aESTADÍSTICAS | ||
| 650 | _aREDES SOCIALES | ||
| 650 | _aSEXTING | ||
| 650 | _aCIBERBULLYING | ||
| 650 | _aSEXTORSION | ||
| 650 | _aSHARENTING | ||
| 650 | _aEDUCACIÓN | ||
| 942 |
_cBK _2ddc |
||
| 999 |
_c13414 _d13414 |
||